000 00253nam a2200109Ia 4500
008 220204s9999 xx 000 0 und d
082 _a82-3
_bNAR
100 _aNarayan, R K
245 0 _aMan-eater of Malgudi
260 _aDelhi
_bHind
_c1979
942 _cBK
999 _c35011
_d35011